00773cam a2200253 a 4500001000700000003000600007005001700013008004100030010001700071020003200088040001800120050002300138082002100161100002200182245004900204260003100253300002600284490002500310500004000335504005100375650002300426650002700449830004300476952073UOEML20250328115901.0840808s1985 nyu b 001 0 eng  a 84017425  a0471892017 :c$35.00 (est.) aDLCcDLCdDLC00aQL738.5b.H66 198500a599/.08732232191 aHooper, Martin L.10aMammalian cell genetics /cMartin L. Hooper. aNew York :bWiley,cc1985. axiv, 175 p. ;c24 cm.1 aCell biology ;vv. 4 a"A Wiley-Interscience publication." aIncludes bibliographical references and index. 0aMammalsxGenetics. 0aMammalsxCytogenetics. 0aCell biology (New York, N.Y.) ;vv. 4.